000
00278nam a2200121Ia 4500
008
190216s9999||||xx |||||||||||||| ||und||
100
_a
Null
245
0
_a
Hindi-Kaisar Nahi Sathyavnayem
260
_b
Mac Millian And Com. Ltd
300
_a
224
650
_a
Hindi
942
_c
BK
999
_c
15965
_d
15965